000 00566cam a22002051 4500
001 sa 64008579
003 DLC
005 20260227112055.0
008 761206s1964 io c 000 0 eng
010 _asa 64008579
035 _a(OCoLC)2601412
040 _aDLC
_cIDeKN
_dDLC
042 _apremarc
050 0 0 _aUA853.I5
_bN32
100 1 _aNasution, Abdul Haris,
_d1918-2000.
245 1 0 _aTowards a people's army
_c[by] A. H. Nasution.
260 _aDjakarta,
_bc. v. Delegasi,
_c1964.
300 _a157 p.
_bport.
_c20 cm.
651 0 _aIndonesia
_xArmed Forces.
999 _c60933
_d60933